|
|
|
|
| LEADER |
00000nlm0a2200000 4500 |
| 001 |
213724 |
| 005 |
20231101225834.0 |
| 035 |
|
|
|a (RuTPU)RU\TPU\book\233543
|
| 090 |
|
|
|a 213724
|
| 100 |
|
|
|a 20120417d2012 k y0rusy50 ca
|
| 101 |
0 |
|
|a rus
|
| 102 |
|
|
|a RU
|
| 105 |
|
|
|a a dm 000zy
|
| 135 |
|
|
|a drbn ---uucaa
|
| 181 |
|
0 |
|a i
|
| 182 |
|
0 |
|a b
|
| 200 |
1 |
|
|a Процессы окисления SO[2] в SO[3] с использованием стекловолокнистых Pt-содержащих катализаторов и их аппаратурное оформление
|b Электронный ресурс
|e автореферат диссертации на соискание ученой степени кандидата технических наук
|e спец. 05.17.08
|f С. В. Ванаг
|g Российская академия наук (РАН), Сибирское отделение (СО), Институт катализа им. Г. К. Борескова (ИК) ; науч. рук. А. Н. Загоруйко
|
| 203 |
|
|
|a Текст
|c электронный
|
| 210 |
|
|
|a Томск
|d 2012
|
| 215 |
|
|
|a 1 файл (2.19 Mb)
|
| 230 |
|
|
|a Электронные текстовые данные (1 файл : 2.19 Mb)
|
| 300 |
|
|
|a Заглавие с титульного экрана
|
| 300 |
|
|
|a Электронная версия печатной публикации
|
| 337 |
|
|
|a Adobe Reader
|
| 452 |
|
1 |
|0 (RuTPU)RU\TPU\book\236582
|t Процессы окисления SO2 в SO3 с использованием стекловолокнистых Pt-содержащих катализаторов и их аппаратурное оформление
|o автореферат диссертации на соискание ученой степени кандидата технических наук
|o спец. 05.17.08
|f С. В. Ванаг
|g Российская академия наук (РАН), Сибирское отделение (СО), Институт катализа им. Г. К. Борескова (ИК) ; науч. рук. А. Н. Загоруйко
|c Томск
|d 2012
|p 19 с.
|a Ванаг, Сергей Владимирович
|
| 606 |
1 |
|
|a Сернокислотный катализ
|2 stltpush
|3 (RuTPU)RU\TPU\subj\32051
|9 54728
|
| 610 |
1 |
|
|a авторефераты диссертаций
|
| 610 |
1 |
|
|a электронный ресурс
|
| 610 |
1 |
|
|a оксид серы
|
| 610 |
1 |
|
|a окисление
|
| 610 |
1 |
|
|a промышленные каталитические процессы
|
| 610 |
1 |
|
|a катализаторы
|
| 610 |
1 |
|
|a стекловолокнистые катализаторы
|
| 610 |
1 |
|
|a отходящие газы
|
| 610 |
1 |
|
|a каталитические свойства
|
| 610 |
1 |
|
|a компактные реакторы
|
| 610 |
1 |
|
|a температура
|
| 610 |
1 |
|
|a диоксид серы
|
| 610 |
1 |
|
|a пилотные установки
|
| 610 |
1 |
|
|a ТЭС
|
| 610 |
1 |
|
|a дымовые газы
|
| 610 |
1 |
|
|a кондиционирование
|
| 610 |
1 |
|
|a опытно-промышленные испытания
|
| 675 |
|
|
|a 661.25(04)
|v 3
|
| 686 |
|
|
|a 05.17.08
|2 oksvnk
|
| 700 |
|
1 |
|a Ванаг
|b С. В.
|g Сергей Владимирович
|
| 702 |
|
1 |
|a Загоруйко
|b А. Н.
|c химик-технолог
|c профессор Томского политехнического университета, доктор технических наук
|f 1962-
|g Андрей Николаевич
|2 stltpush
|3 (RuTPU)RU\TPU\pers\32445
|
| 712 |
0 |
2 |
|a Российская академия наук (РАН)
|b Сибирское отделение (СО)
|b Институт катализа им. Г. К. Борескова (ИК)
|c (Новосибирск)
|2 stltpush
|3 (RuTPU)RU\TPU\col\325
|
| 801 |
|
1 |
|a RU
|b 63413507
|c 20120417
|
| 801 |
|
2 |
|a RU
|b 63413507
|c 20170602
|g RCR
|
| 856 |
4 |
|
|u http://www.lib.tpu.ru/fulltext/a/2012/27.pdf
|
| 942 |
|
|
|c CF
|